Labour law and legislation (Record no. 80568)
[ view plain ]
| 000 -LEADER | |
|---|---|
| fixed length control field | 00894nam a2200217 a 4500 |
| 008 - FIXED-LENGTH DATA ELEMENTS--GENERAL INFORMATION | |
| fixed length control field | 120416s1980 ||||||||||||||||| || u |
| 020 ## - INTERNATIONAL STANDARD BOOK NUMBER | |
| International Standard Book Number | 0538129808 |
| 050 ## - LIBRARY OF CONGRESS CALL NUMBER | |
| Classification number | KB 60 Two |
| 100 ## - MAIN ENTRY--PERSONAL NAME | |
| Personal name | Twomey, David P |
| 245 10 - TITLE STATEMENT | |
| Title | Labour law and legislation |
| 250 ## - EDITION STATEMENT | |
| Edition statement | 6th ed. |
| 260 ## - PUBLICATION, DISTRIBUTION, ETC. | |
| Place of publication, distribution, etc. | Cincinatti |
| Name of publisher, distributor, etc. | South-western Pub. Co |
| Date of publication, distribution, etc. | 1980 |
| 300 ## - PHYSICAL DESCRIPTION | |
| Extent | ix, 547p. |
| 350 ## - | |
| -- | 0.00 |
| 500 ## - GENERAL NOTE | |
| General note | Fifth ed. (1975) by A. H. Myers. -Includes indexes. |
| 650 ## - SUBJECT ADDED ENTRY--TOPICAL TERM | |
| Topical term or geographic name entry element | LAW |
| 650 ## - SUBJECT ADDED ENTRY--TOPICAL TERM | |
| Topical term or geographic name entry element | LABOUR LAWS AND LEGISLATION--UNITED STATES--CASES |
| 700 ## - ADDED ENTRY--PERSONAL NAME | |
| Personal name | Myers, A. Howard (Aaron Howard), 1904- |
| 995 ## - | |
| -- | MAIN LIBRARY OPEN ACCESS |
| -- | 0.00 |
| -- | 703542 |
| -- | CBU-MAIN LIBRARY (Kitwe) |
| -- | 2 |
| -- | 28.00 |
| -- | KB 60 Two |
| -- | 1 |
| -- | AVAILABLE |
| -- | 009003 |
| -- | Main Library Open Access Collection |
| 995 ## - | |
| -- | MAIN LIBRARY OPEN ACCESS |
| -- | 0.00 |
| -- | 709550 |
| -- | CBU-MAIN LIBRARY (Kitwe) |
| -- | 1 |
| -- | 28.00 |
| -- | KB 60 Two |
| -- | 2 |
| -- | AVAILABLE |
| -- | 009004 |
| -- | Main Library Open Access Collection |
| 999 ## - | |
| -- | 80568 |
| -- | 80568 |
| Withdrawn status | Lost status | Source of classification or shelving scheme | Damaged status | Not for loan | Permanent Location | Current Location | Shelving location | Date acquired | Total Checkouts | Full call number | Barcode | Date last seen | Copy number | Price effective from | Koha item type |
|---|---|---|---|---|---|---|---|---|---|---|---|---|---|---|---|
| CBU-MAIN LIBRARY, KITWE. | CBU-MAIN LIBRARY, KITWE. | 06/30/2023 | KB 60 Two | 009003 | 06/30/2023 | 1 | 06/30/2023 | MONOGRAPH | |||||||
| CBU-MAIN LIBRARY, KITWE. | CBU-MAIN LIBRARY, KITWE. | 06/30/2023 | KB 60 Two | 009004 | 06/30/2023 | 2 | 06/30/2023 | MONOGRAPH |